[Event "It"]
[Site "Elenite"]
[Date "1992.??.??"]
[Round "6"]
[White "Stohl, Igor"]
[Black "Topalov, Veselin"]
[Result "0-1"]
[WhiteElo "2560"]
[BlackElo "2520"]
[EventDate "1992.??.??"]

1.c4 f5 2.Cf3 g6 3.g3 Cf6 4.Fg2 Fg7 5.O-O O-O 6.Cc3 d6 7.d4 De8 8.Cd5 Cxd5
9.cxd5 Db5 10.Cg5 h6 11.a4 Dc4 12.Ce6 Fxe6 13.dxe6 d5 14.Fe3 c6 15.Dd2 Ca6
16.Fxh6 Db4 17.Df4 Fxh6 18.Dxh6 Tf6 19.Df4 Tc8 20.Tfc1 Cc7 21.Tc2 Rg7 22.
e3 Cxe6 23.Df3 Th8 24.h4 g5 25.hxg5 Cxg5 26.Df4 Th5 27.Rf1 Db3 28.Te2 Dd3 
29.Te1 Tfh6 30.g4 fxg4 31.Dxg4 Rf7 32.f3 Ch7 33.Df4+ Cf6 34.Rg1 Tg6 35.Tf2
Tg7 36.b4 Dh7 37.Rf1 Th2 0-1

[Event "It"]
[Site "Elenite"]
[Date "1992.??.??"]
[Round "7"]
[White "Topalov, Veselin"]
[Black "Dorfman, Josif D"]
[Result "1-0"]
[WhiteElo "2520"]
[BlackElo "2610"]
[EventDate "1992.??.??"]

1.e4 c5 2.Cf3 e6 3.d4 cxd4 4.Cxd4 a6 5.Fd3 Fc5 6.Cb3 Fa7 7.De2 Cc6 8.O-O 
d6 9.Fe3 Cf6 10.c4 O-O 11.Td1 Fxe3 12.Dxe3 e5 13.Cc3 Fe6 14.Cd5 Cd7 15.Fe2
a5 16.Cc3 a4 17.Cd2 Cd4 18.Tac1 Cc5 19.Cf3 Cxf3+ 20.Dxf3 Db6 21.Cb5 Tfd8 
22.De3 Dc6 23.f3 b6 24.Td2 Td7 25.b4 axb3 26.axb3 Cb7 27.b4 h6 28.Tdd1 Ta4
29.Dc3 Ta2 30.Ff1 Td8 31.Ta1 Tda8 32.Txa2 Txa2 33.Rh1 Rf8 34.Db3 Ta8 35.
Cc3 Cd8 36.h3 f6 37.Rh2 Ff7 38.Td2 Ce6 39.Cb5 Td8 40.Da3 Re7 41.Da7+ Rf8 
42.Ta2 Td7 43.Da8+ Cd8 44.Ta7 Dxa8 45.Txa8 Re7 46.Ca7 Tb7 47.Cc8+ Rd7 48.
Cxd6 Rxd6 49.Txd8+ Re7 50.Ta8 Rd6 51.Rg3 Td7 52.Ta6 Rc7 53.c5 bxc5 54.Fb5 
Te7 55.bxc5 Rb8 56.Fc6 Fe6 57.Rh4 Ff7 58.Fd5 Fe8 59.c6 Rc7 60.Ta7+ Rd6 61.
Txe7 Rxe7 62.c7 1-0

[Event "It"]
[Site "Elenite"]
[Date "1992.??.??"]
[Round "8"]
[White "Kotronias, Vasilios"]
[Black "Topalov, Veselin"]
[Result "1-0"]
[WhiteElo "2550"]
[BlackElo "2520"]
[EventDate "1992.??.??"]

1.e4 Cf6 2.e5 Cd5 3.d4 d6 4.Cf3 dxe5 5.Cxe5 Cd7 6.Cf3 g6 7.c4 C5f6 8.Cc3 
Fg7 9.Fd3 O-O 10.O-O c5 11.d5 Ce8 12.Te1 Cd6 13.Fg5 Ff6 14.Dd2 Cb6 15.Df4 
Fxg5 16.Cxg5 f6 17.Ce6 Fxe6 18.Txe6 Cd7 19.Tae1 Ce5 20.Dg3 Tf7 21.b3 b5 
22.Cxb5 Cxb5 23.cxb5 g5 24.T1xe5 fxe5 25.Dxg5+ Tg7 26.Fxh7+ Rh8 27.Dxe5 
Db8 28.Dxb8+ Txb8 29.Fd3 Tg4 30.g3 Td4 31.Fc4 Td1+ 32.Rg2 Td2 33.Txe7 Txa2
34.Tf7 Td8 35.h4 Td6 36.g4 Rg8 37.Tf5 Rg7 38.g5 Rg6 39.Tf8 Td2 40.Rg3 1-0

[Event "It"]
[Site "Elenite"]
[Date "1992.??.??"]
[Round "9"]
[White "Topalov, Veselin"]
[Black "Manolov, Ivan"]
[Result "1-0"]
[WhiteElo "2520"]
[BlackElo "2340"]
[EventDate "1992.??.??"]

1.d4 Cf6 2.c4 c5 3.d5 e5 4.Cc3 d6 5.e4 Fe7 6.g3 O-O 7.Fg2 Ce8 8.Cge2 g6 9.
Fh6 Cg7 10.Dd2 Cd7 11.O-O Cf6 12.h3 Rh8 13.Fe3 Cd7 14.Tad1 f5 15.Fh6 Cf6 
16.f4 exf4 17.Cxf4 fxe4 18.Cxe4 Cxe4 19.Fxe4 Ff6 20.g4 Fd7 21.Fb1 Rg8 22.
Ce2 De7 23.Rg2 b5 24.Cc3 bxc4 25.Ce4 Fh4 26.Dc3 Fa4 27.Tc1 Txf1 28.Txf1 
Tb8 29.Cxd6 Tf8 30.Txf8+ Dxf8 31.Ce4 Fd1 32.Dxg7+ Dxg7 33.Fxg7 Rxg7 34.Cc3
Fxg4 35.hxg4 Rf6 36.Rf3 Re5 37.Fe4 Fg5 38.Cb5 a6 39.Cc7 Fc1 40.Cxa6 Fxb2 
41.Cxc5 h5 42.gxh5 gxh5 43.Cd7+ Rd4 44.a4 c3 45.Cf6 c2 46.Fxc2 Re5 47.Cxh5
Rxd5 48.a5 Rc5 49.Fd3 Fc3 50.a6 Rb6 51.Cf4 Fd4 52.Re4 Fg1 53.Rd5 Ff2 54.
Ce6 Fg1 55.Rd6 Ff2 56.Cd8 Fg3+ 57.Rd7 Ra7 58.Cc6+ Ra8 59.Re8 1-0

[Event "It"]
[Site "Elenite"]
[Date "1992.??.??"]
[Round "10"]
[White "Kurajica, Bojan"]
[Black "Topalov, Veselin"]
[Result "0-1"]
[WhiteElo "2590"]
[BlackElo "2520"]
[EventDate "1992.??.??"]

1.Cf3 f5 2.g3 Cf6 3.Fg2 g6 4.b4 Fg7 5.Fb2 d6 6.d4 O-O 7.O-O c6 8.c4 Ca6 9.
Db3 Cc7 10.a4 h6 11.Cc3 De8 12.d5 cxd5 13.cxd5 Fd7 14.b5 Df7 15.Cd4 Cg4 
16.Cd1 f4 17.Tc1 Tac8 18.h3 Ce5 19.a5 g5 20.b6 axb6 21.axb6 Ca6 22.Txc8 
Txc8 23.Cc3 Cc5 24.Dd1 Ced3 25.exd3 Fxd4 26.gxf4 gxf4 27.Ca4 Fxb2 28.Cxb2 
Dg7 29.d4 Fxh3 30.Df3 Fxg2 31.Dxg2 Dxg2+ 32.Rxg2 Cd7 33.Cd3 Tc4 34.Cxf4 
Txd4 35.Rf3 Cxb6 36.Re3 Tb4 37.Th1 Rg7 38.Ce6+ Rf7 39.Cf4 Tb5 40.Rd4 Rf6 
41.Re4 Rg7 42.f3 Cd7 43.Rf5 Rf7 44.Re4 Cf6+ 45.Rd4 Tb4+ 46.Re3 Tb3+ 47.Rf2
Tb5 0-1

[Event "It"]
[Site "Elenite"]
[Date "1992.??.??"]
[Round "11"]
[White "Topalov, Veselin"]
[Black "Skembris, Spyridon"]
[Result "1/2-1/2"]
[WhiteElo "2520"]
[BlackElo "2520"]
[EventDate "1992.??.??"]

1.e4 e5 2.Cf3 Cf6 3.Cc3 Cc6 4.d4 exd4 5.Cxd4 Fb4 6.Cxc6 bxc6 7.Fd3 d5 8.
exd5 cxd5 9.O-O O-O 10.Fg5 c6 11.Ca4 h6 12.Fh4 Te8 13.c4 Fe6 14.Tc1 Tb8 
15.cxd5 Fxd5 16.Fc4 Te6 17.b3 Da5 18.Fxf6 Txf6 19.Fxd5 cxd5 20.Dd4 Te8 21.
g3 1/2-1/2

[Event "?"]
[Site "Elgoibar ESP"]
[Date "1992.??.??"]
[Round "3"]
[White "Iruzubieta, Jesus Maria"]
[Black "Topalov, Veselin"]
[Result "0-1"]
[WhiteElo "2410"]
[BlackElo "2460"]
[EventDate "1992.??.??"]

1.e4 c5 2.Cf3 d6 3.d4 cxd4 4.Cxd4 Cf6 5.Cc3 a6 6.Fc4 e6 7.Fb3 b5 8.O-O Fe7
9.Df3 Db6 10.Fe3 Db7 11.Dg3 O-O 12.Fh6 Ce8 13.Tfe1 Rh8 14.Fg5 Cf6 15.Tad1 
Cbd7 16.Te3 Db6 17.f4 Ch5 18.Dh4 Fxg5 19.fxg5 g6 20.Rh1 Fb7 21.Th3 Cc5 22.
g4 b4 23.Cd5 exd5 24.gxh5 Dc7 25.Fxd5 Tae8 26.Te1 De7 27.Fxb7 Dxb7 28.The3
Txe4 29.Txe4 Te8 30.Rg1 Cxe4 31.Df4 Rg8 32.c3 bxc3 33.bxc3 Te5 34.Cf3 Cxg5
0-1

[Event "?"]
[Site "Elgoibar ESP"]
[Date "1992.??.??"]
[Round "7"]
[White "Ubilava, Elizbar"]
[Black "Topalov, Veselin"]
[Result "1/2-1/2"]
[WhiteElo "2560"]
[BlackElo "2460"]
[EventDate "1992.??.??"]

1.d4 d5 2.c4 c6 3.cxd5 cxd5 4.Cc3 Cc6 5.Ff4 Cf6 6.e3 a6 7.Fd3 Fg4 8.Cge2 
e6 9.O-O Fd6 10.Dd2 Fxe2 11.Cxe2 O-O 12.Tac1 Fxf4 13.Cxf4 Dd6 14.Ce2 Tac8 
15.Tc3 Cb4 1/2-1/2

[Event "IT"]
[Site "?"]
[Date "1992.??.??"]
[Round "?"]
[White "Topalov, Veselin"]
[Black "Eingorn, Vereslav S"]
[Result "1/2-1/2"]
[WhiteElo "2460"]
[BlackElo "2575"]
[EventDate "1992.??.??"]

1.d4 Cf6 2.c4 e6 3.Cf3 d5 4.Cc3 Cbd7 5.Fg5 h6 6.Fh4 Fe7 7.cxd5 exd5 8.e3 
c6 9.Fd3 Ce4 10.Fxe7 Dxe7 11.Dc2 Cdf6 12.O-O Ff5 13.Ce5 O-O 14.Tab1 Tfe8 
15.b4 Cxc3 16.Dxc3 Fxd3 17.Cxd3 Ce4 18.Dc2 Cd6 19.a4 a6 20.Cc5 Tad8 21.
Tfe1 Dg5 22.Te2 Te7 23.Tbe1 Tde8 24.Dd3 Dh4 25.Cb3 Te6 26.Cc5 T6e7 27.Cb3 
Dh5 28.Cd2 Te6 29.f3 f5 30.f4 g5 31.Cf3 Te4 32.Ce5 gxf4 33.exf4 Te7 34.
Dg3+ Tg7 35.Df2 Rh7 36.g3 De8 37.Txe4 Cxe4 38.Dg2 Dd8 39.Dh3 Df8 40.Te3 
Dc8 1/2-1/2

[Event "Ibercaja Open"]
[Site "Zaragoza ESP"]
[Date "1992.??.??"]
[Round "?"]
[White "Leskovar, Mario"]
[Black "Topalov, Veselin"]
[Result "0-1"]
[WhiteElo "2365"]
[BlackElo "2460"]
[EventDate "1992.??.??"]

1.b3 e5 2.Fb2 d6 3.e3 g6 4.d4 Fg7 5.dxe5 Cd7 6.Cf3 dxe5 7.Cbd2 Ce7 8.Cc4 
f6 9.h4 b6 10.h5 Fb7 11.hxg6 hxg6 12.Txh8+ Fxh8 13.Ch4 Cc5 14.Dg4 Dc8 15.
Dxc8+ Txc8 16.Fa3 g5 17.Fxc5 gxh4 18.Fa3 Fg7 19.Td1 Fe4 20.Td2 Fc6 21.Fe2 
b5 22.Fh5+ Rf8 23.Ca5 Fxg2 24.f3 h3 25.Rf2 c5 26.Fxc5 Fh6 27.b4 Tc7 28.Cb3
Rg7 29.Fxe7 Txe7 30.Cc5 f5 31.Cd7 Fxe3+ 32.Rxe3 Rh6 33.Cf6 Te6 34.Fg4 h2 
35.Txg2 h1=D 36.Cg8+ Rg7 37.Fxf5+ Dxg2 38.Fxe6 Dxc2 39.Fb3 Dc3+ 40.Rf2 
Dxb4 41.Rg3 a5 0-1

[Event "Ibercaja Open"]
[Site "Zaragoza ESP"]
[Date "1992.??.??"]
[Round "?"]
[White "Oll, Lembit"]
[Black "Topalov, Veselin"]
[Result "1/2-1/2"]
[WhiteElo "2600"]
[BlackElo "2460"]
[EventDate "1992.??.??"]

1.e4 e6 2.d4 d5 3.Cd2 a6 4.e5 Fd7 5.Ce2 c5 6.Cf3 Fb5 7.c3 Cc6 8.Fe3 cxd4 
9.Cexd4 Fxf1 10.Rxf1 Cge7 11.g3 Cxd4 12.cxd4 Cc6 13.Rg2 Fe7 14.Te1 Db6 15.
Te2 Tc8 16.Tc1 O-O 17.h4 h6 18.h5 Db5 19.Tec2 Ca7 20.Ch2 Txc2 21.Txc2 Tc8 
22.Txc8+ Cxc8 23.b3 Ca7 24.Cg4 Cc6 25.Dd2 Db4 26.Dc1 Da3 27.Dc2 Db4 28.Dc1
Da3 29.Dc2 Db4 1/2-1/2

[Event "Ibercaja Open"]
[Site "Zaragoza ESP"]
[Date "1992.??.??"]
[Round "?"]
[White "Topalov, Veselin"]
[Black "Sorin, Ariel"]
[Result "1-0"]
[WhiteElo "2460"]
[BlackElo "2415"]
[EventDate "1992.??.??"]

1.d4 Cf6 2.c4 d6 3.Cc3 e5 4.Cf3 Cbd7 5.e4 g6 6.Fe2 Fg7 7.O-O O-O 8.Fe3 a5 
9.Dc2 Cg4 10.Fg5 f6 11.Fd2 Ch6 12.Tad1 Cf7 13.Fe3 c6 14.c5 dxc5 15.dxe5 
De7 16.exf6 Dxf6 17.Ca4 Te8 18.Fc4 Rh8 19.Cxc5 Cxc5 20.Fxc5 Fg4 21.Fd4 Df4
22.Dc3 Fxd4 23.Txd4 Ce5 24.Cxe5 Dxe5 25.f4 Dg7 26.f5 De5 27.h3 c5 28.Td5 
Dxc3 29.bxc3 Txe4 30.Fd3 Fxf5 31.Fxe4 Fxe4 32.Txc5 a4 33.Tc7 a3 34.Tff7 g5
35.Tfe7 Fb1 36.Txb7 Fxa2 37.Txh7+ Rg8 38.Tbg7+ 1-0

[Event "Ibercaja Open"]
[Site "Zaragoza ESP"]
[Date "1992.??.??"]
[Round "?"]
[White "Topalov, Veselin"]
[Black "Ulibin, Mikhail"]
[Result "1/2-1/2"]
[WhiteElo "2460"]
[BlackElo "2585"]
[EventDate "1992.??.??"]

1.d4 e6 2.c4 f5 3.g3 Cf6 4.Fg2 c6 5.Ch3 d6 6.O-O Fe7 7.b3 O-O 8.Fb2 Dc7 9.
Cd2 e5 10.Dc2 Cg4 11.e4 f4 12.c5 fxg3 13.hxg3 dxc5 14.dxc5 Fe6 15.Dc3 Ff6 
16.Cc4 Cd7 17.b4 b6 18.Cd6 a5 19.a3 bxc5 20.bxc5 Tab8 21.Tab1 Da7 22.Tfc1 
Tb3 23.Dc2 Tfb8 24.Ff1 Rh8 25.Rg2 Dxc5 26.Dxc5 Cxc5 27.Txc5 Txb2 28.Txb2 
Txb2 29.Txa5 h5 30.Rg1 Ch6 31.Cg5 Fxg5 32.Txe5 Ff6 33.Txe6 Fd4 34.Te8+ Rh7
35.e5 Txf2 36.Fd3+ g6 37.Rh1 Cg4 38.Te7+ Rh8 39.Te8+ Rg7 40.Te7+ Rh8 41.
Te8+ Rh7 42.Te7+ Rh6 43.Cf7+ Rg7 44.Cd6+ Rh6 45.Cf7+ Txf7 46.Txf7 Cxe5 47.
Tf4 Fb2 48.Fe4 Fxa3 49.Tf6 c5 50.Rg2 Fb2 51.Ta6 Fd4 52.Tb6 Rg7 53.Tb7+ Rf6
54.Tb6+ Rg5 55.Td6 Rh6 1/2-1/2

[Event "Ibercaja Open"]
[Site "Zaragoza ESP"]
[Date "1992.??.??"]
[Round "?"]
[White "Topalov, Veselin"]
[Black "Vyzmanavin, Alexey"]
[Result "1/2-1/2"]
[WhiteElo "2460"]
[BlackElo "2590"]
[EventDate "1992.??.??"]

1.e4 c5 2.Cf3 Cc6 3.d4 cxd4 4.Cxd4 Cf6 5.Cc3 e5 6.Cdb5 d6 7.Fg5 a6 8.Ca3 
b5 9.Cd5 Da5+ 10.Fd2 Dd8 11.Fg5 Da5+ 12.Fd2 Dd8 1/2-1/2

[Event "Open"]
[Site "Mesa"]
[Date "1992.??.??"]
[Round "?"]
[White "Flear, Glenn C"]
[Black "Topalov, Veselin"]
[Result "1/2-1/2"]
[WhiteElo "2495"]
[BlackElo "2460"]
[EventDate "1992.??.??"]

1.d4 Cf6 2.c4 g6 3.Cc3 d5 4.Cf3 Fg7 5.Db3 dxc4 6.Dxc4 O-O 7.Ff4 c6 8.e4 
Ca6 9.Fe2 Da5 10.O-O Cxe4 11.Cxe4 Df5 12.Fg5 Dxe4 13.Fd3 Dg4 14.Fxe7 Te8 
15.Fd6 Fe6 16.Dc3 Fd5 17.Fxa6 bxa6 18.Fg3 Fxf3 19.gxf3 Dxd4 20.Dxc6 Dxb2 
21.Tae1 Db5 22.Tc1 Tad8 23.a4 Db6 24.Rg2 Te6 25.Dc7 Ff6 26.Tc4 h5 27.Tfc1 
Dxc7 28.Txc7 h4 29.Ff4 Td4 30.T1c4 Te1 31.Fe3 1/2-1/2

[Event "Open"]
[Site "Mesa"]
[Date "1992.??.??"]
[Round "?"]
[White "Gomez Esteban, Juan Mario"]
[Black "Topalov, Veselin"]
[Result "0-1"]
[WhiteElo "2425"]
[BlackElo "2460"]
[EventDate "1992.??.??"]

1.d4 Cf6 2.c4 c5 3.d5 b5 4.cxb5 a6 5.f3 g6 6.e4 d6 7.Cc3 Fg7 8.a4 O-O 9.
Fe3 Cbd7 10.Ch3 Ce5 11.Cf2 e6 12.dxe6 Fxe6 13.Tc1 axb5 14.Fxb5 Cc4 15.Fxc4
Fxc4 16.b3 Fa6 17.Cd3 Da5 18.O-O Tfe8 19.Tf2 Cg4 20.fxg4 Fxc3 21.Cf4 Txe4 
22.Cd5 Txe3 23.Cxe3 Fd4 24.Df3 Ta7 25.Rh1 Te7 26.Da8+ Rg7 27.Cc4 Db4 28.
Dd8 De1+ 29.Tf1 De6 30.h3 d5 31.Cb6 Fxf1 32.Txf1 De2 0-1

[Event "Open"]
[Site "Mesa"]
[Date "1992.??.??"]
[Round "?"]
[White "Morovic Fernandez, Ivan"]
[Black "Topalov, Veselin"]
[Result "1/2-1/2"]
[WhiteElo "2565"]
[BlackElo "2460"]
[EventDate "1992.??.??"]

1.e4 e6 2.d4 d5 3.Cc3 Fb4 4.e5 c5 5.a3 Fxc3+ 6.bxc3 Ce7 7.h4 Dc7 8.Cf3 Fd7
9.a4 Cbc6 10.Fa3 b6 11.h5 h6 12.Dd2 Ca5 13.Fd3 O-O 14.Th4 f5 15.exf6 Txf6 
16.Ce5 Cf5 17.Tf4 cxd4 18.Cxd7 Dxd7 19.g4 dxc3 20.Dxc3 Tc8 21.Dd2 Ch4 22.
Txf6 gxf6 23.Dxh6 Dg7 24.Dxg7+ Rxg7 25.Re2 Cc4 26.Fb4 a5 27.Fc3 e5 28.Th1 
Cg2 29.h6+ Rh8 30.Rf3 Cf4 31.g5 fxg5 32.Fxc4 Txc4 33.Fxe5+ Rh7 34.Tb1 Rxh6
35.Txb6+ Rh5 36.Fxf4 Txf4+ 37.Rg3 Txa4 38.Tb5 d4 39.f4 Ta3+ 40.Rf2 1/2-1/2

[Event "Open"]
[Site "Mesa"]
[Date "1992.??.??"]
[Round "?"]
[White "Topalov, Veselin"]
[Black "Larsen, Bent"]
[Result "1-0"]
[WhiteElo "2460"]
[BlackElo "2535"]
[EventDate "1992.??.??"]

1.e4 c5 2.Cf3 Cc6 3.d4 cxd4 4.Cxd4 g6 5.Cc3 Fg7 6.Fe3 Cf6 7.Fc4 O-O 8.Fb3 
a5 9.a4 Cg4 10.Dxg4 Cxd4 11.Dh4 Cxb3 12.cxb3 Ta6 13.O-O Te6 14.Tfe1 b6 15.
Fh6 Fb7 16.Fxg7 Rxg7 17.Te3 f5 18.Tae1 fxe4 19.Cxe4 h6 20.Cd2 Txe3 21.Dd4+
e5 22.Dxe3 d6 23.Cc4 Tf4 24.Td1 Te4 25.Dc3 Dg5 26.g3 Td4 27.Txd4 exd4 28.
Dxd4+ Rh7 29.Ce3 De7 30.f4 h5 31.Rf2 De6 32.Dc4 Dd7 33.Re1 Fc6 34.Rd2 b5 
35.axb5 Fxb5 36.Dd5 a4 37.bxa4 Fc4 38.Cxc4 Dh3 39.Dh1 De6 40.Db7+ Rg8 41.
Db8+ Rh7 42.Da7+ 1-0

[Event "Open"]
[Site "Mesa"]
[Date "1992.??.??"]
[Round "?"]
[White "Topalov, Veselin"]
[Black "Romero Holmes, Alfonso"]
[Result "1/2-1/2"]
[WhiteElo "2460"]
[BlackElo "2490"]
[EventDate "1992.??.??"]

1.d4 Cf6 2.c4 e5 3.dxe5 Ce4 4.Cf3 Fb4+ 5.Cbd2 Cc6 6.e3 De7 7.Fe2 Cxe5 8.
O-O Cxf3+ 9.Cxf3 O-O 10.Cd4 Fc5 11.Dc2 c6 12.b3 d5 13.Fb2 Fd7 14.Fd3 Tfe8 
15.f3 Cf6 16.Tae1 dxc4 17.bxc4 Tad8 18.Ff5 Fxd4 19.Fxd4 Fxf5 20.Dxf5 Cd7 
21.Da5 c5 22.Fa1 Cb6 23.e4 Td3 24.Tc1 Cc8 25.Fc3 Dd6 26.Fe1 b6 27.Da6 Dd7 
28.a4 Ta3 29.Db5 Dxb5 30.axb5 Td8 31.Fh4 f6 32.e5 Rf7 33.Tfe1 Td2 34.Tcd1 
Taa2 35.Txd2 Txd2 36.exf6 gxf6 37.Te4 Cd6 38.Tf4 f5 39.Fg3 Rg6 40.Th4 Td1+
41.Rf2 Cf7 42.Fb8 Ta1 43.g4 fxg4 44.Txg4+ Rf6 45.Tf4+ Rg6 46.Te4 Rf6 47.
Te8 Ta4 48.Tc8 Ce5 49.Th8 Cxc4 50.Txh7 a6 51.bxa6 Txa6 52.h4 Rg6 53.Tb7 
Ca5 54.Tc7 1/2-1/2

[Event "Open"]
[Site "Mesa"]
[Date "1992.??.??"]
[Round "?"]
[White "Topalov, Veselin"]
[Black "Vaisser, Anatoly"]
[Result "1/2-1/2"]
[WhiteElo "2460"]
[BlackElo "2580"]
[EventDate "1992.??.??"]

1.e4 c5 2.Cf3 Cc6 3.d4 cxd4 4.Cxd4 Cf6 5.Cc3 e5 6.Cdb5 d6 7.Fg5 a6 8.Ca3 
b5 9.Fxf6 gxf6 10.Cd5 Fg7 11.Fd3 Ce7 12.Cxe7 Dxe7 13.c3 f5 14.O-O O-O 15.
Cc2 Fb7 16.exf5 Dg5 17.Ce3 h5 18.Fe2 d5 19.Ff3 Tad8 20.Db3 e4 21.Fe2 d4 
22.cxd4 Txd4 23.Tad1 Tfd8 24.Txd4 Txd4 25.Dc2 h4 26.Dc7 Fd5 27.Dc8+ Rh7 
28.Dxa6 Td2 29.Dxb5 Fxa2 30.Fc4 Fd4 31.Fxa2 Txf2 32.Txf2 Dxe3 33.Df1 Rg8 
34.h3 Rg7 35.Fc4 Rf6 36.b3 Rg7 37.Fe2 Dxb3 38.Rh1 Fxf2 39.Dxf2 Db1+ 40.Dg1
Db2 41.De1 e3 42.Fg4 Df2 43.Dc3+ f6 44.Dc7+ Rh6 45.Dd6 Rg5 46.Rh2 De1 47.
Db8 Df2 48.Dc7 De1 49.Dd6 e2 50.Fxe2 Dxe2 51.De6 1/2-1/2

[Event "Open"]
[Site "Mesa"]
[Date "1992.??.??"]
[Round "?"]
[White "Topalov, Veselin"]
[Black "Zak, Uriel"]
[Result "1/2-1/2"]
[WhiteElo "2460"]
[BlackElo "2385"]
[EventDate "1992.??.??"]

1.d4 d5 2.c4 e6 3.Cc3 c6 4.Cf3 dxc4 5.g3 Cf6 6.Fg2 b5 7.Ce5 Db6 8.O-O Fb7 
9.e4 Cfd7 10.Cf3 Fb4 11.Fe3 c5 12.d5 Fxc3 13.bxc3 O-O 14.dxe6 Dxe6 15.Db1 
Fc6 16.Cg5 De5 17.Ff4 Dxc3 18.e5 Dd3 19.e6 Fxg2 20.Rxg2 fxe6 21.Dxb5 Dd5+ 
22.f3 Cc6 23.Tac1 Cd4 24.Dxc4 Dxc4 25.Txc4 e5 26.Fe3 Tab8 27.Ce4 Tb2+ 28.
Tf2 Cf5 29.Fxc5 Cxc5 30.Txc5 Ce3+ 31.Rh3 Txf2 32.Cxf2 Txf3 33.Ce4 Tf5 34.
Tc8+ Tf8 35.Tc3 Cd1 36.Tc7 Cf2+ 37.Cxf2 Txf2 38.Txa7 e4 1/2-1/2

[Event "?"]
[Site "Orense ESP"]
[Date "1992.??.??"]
[Round "3"]
[White "Glavina, Pablo"]
[Black "Topalov, Veselin"]
[Result "0-1"]
[WhiteElo "2405"]
[BlackElo "2460"]
[EventDate "1992.??.??"]

1.d4 d6 2.Cf3 Fg4 3.Fg5 Fxf3 4.gxf3 c6 5.c4 Db6 6.Dd2 Cd7 7.Cc3 Cgf6 8.Fh3
g6 9.O-O Fg7 10.Tfd1 Td8 11.Tab1 O-O 12.b4 Dc7 13.Ce4 Tfe8 14.Tb3 Db8 15.
b5 Cxe4 16.fxe4 Dc7 17.bxc6 Dxc6 18.e5 Cb6 19.Fg2 Dxc4 20.Tc1 De6 21.Fxb7 
dxe5 22.d5 Dd6 23.Fc6 Tf8 24.Fe3 e4 25.Fc5 Dxc6 26.dxc6 Txd2 27.Fxb6 axb6 
28.c7 Tc8 29.Txb6 Fe5 30.Tb8 Txb8 31.cxb8=D+ Fxb8 32.Tc8+ Rg7 33.Txb8 Txe2
34.a4 Ta2 0-1

[Event "Rapid 45"]
[Site "Oviedo ESP"]
[Date "1992.??.??"]
[Round "6"]
[White "Piket, Jeroen"]
[Black "Topalov, Veselin"]
[Result "0-1"]
[WhiteElo "2615"]
[BlackElo "2460"]
[EventDate "1992.??.??"]

1.d4 f5 2.c4 Cf6 3.Cc3 d6 4.Fg5 Cbd7 5.Dc2 g6 6.e3 Fg7 7.Cge2 e5 8.dxe5 
dxe5 9.O-O-O c6 10.g4 fxg4 11.Cg3 Da5 12.h4 e4 13.Cgxe4 O-O 14.Cd6 Ce5 15.
Fe2 Ch5 16.Db3 Dc7 17.c5+ Rh8 18.Td4 b6 19.cxb6 axb6 20.Thd1 h6 21.Ff4 
Cxf4 22.Txf4 Ff5 23.Cxf5 gxf5 24.Dc2 Dc8 25.e4 fxe4 26.Dxe4 Txf4 27.Dxf4 
De6 28.De4 Tf8 29.Rb1 Df6 30.Fxg4 Dxh4 31.f3 b5 32.a3 Df6 33.Fd7 Cxd7 34.
Txd7 Dxf3 35.Td6 Df1+ 36.Ra2 Dh3 37.De6 Dxe6+ 38.Txe6 0-1

[Event "Rapid 45"]
[Site "Oviedo ESP"]
[Date "1992.??.??"]
[Round "7"]
[White "Topalov, Veselin"]
[Black "Sokolov, Ivan"]
[Result "1/2-1/2"]
[WhiteElo "2460"]
[BlackElo "2630"]
[EventDate "1992.??.??"]

1.c4 e5 2.g3 f5 3.Fg2 Cf6 4.d3 Cc6 5.Cc3 Fb4 6.Ch3 O-O 7.O-O Fxc3 8.bxc3 
b6 9.f4 exf4 10.Cxf4 Fb7 11.Fa3 Tf7 12.Cd5 g6 13.Dd2 Ca5 14.Df4 c6 15.
Cxf6+ Dxf6 16.Fb4 c5 17.Fxa5 Fxg2 18.Rxg2 bxa5 19.Tac1 Dc6+ 20.Df3 Te8 21.
Dxc6 dxc6 22.Rf3 Tb7 23.Tb1 Teb8 24.Tb3 Tb6 25.Ta3 Ta6 26.Tb3 Tab6 27.Ta3 
Ta6 28.g4 fxg4+ 29.Rxg4 Tb2 30.Rf3 Rg7 31.Re3 a4 32.h4 Ta5 33.d4 cxd4+ 34.
cxd4 Tb4 35.Rd3 Tf5 36.Txf5 gxf5 37.Tc3 Rf6 38.e4 fxe4+ 39.Rxe4 Re6 40.h5 
Tb2 41.Ta3 Tb4 42.c5 a5 43.h6 Tb1 44.Txa4 Te1+ 45.Rf4 Tf1+ 46.Re3 Te1+ 47.
Rd2 Th1 48.Txa5 Rd5 49.Rc3 Tc1+ 50.Rb2 Th1 51.Ta7 Rxd4 52.Txh7 Rxc5 53.Ra3
Rb6 54.Th8 Th4 55.h7 Ra7 56.Rb3 c5 57.a4 Rb7 58.a5 Ra7 59.a6 Tb4+ 60.Rc2 
Tc4+ 61.Rd2 Td4+ 1/2-1/2

[Event "Rapid 45"]
[Site "Oviedo ESP"]
[Date "1992.??.??"]
[Round "8"]
[White "Bareev, Evgeny"]
[Black "Topalov, Veselin"]
[Result "0-1"]
[WhiteElo "2635"]
[BlackElo "2460"]
[EventDate "1992.??.??"]

1.d4 f5 2.Fg5 g6 3.Cd2 Fg7 4.c3 Cf6 5.h4 d5 6.e3 Cbd7 7.Cgf3 c6 8.Ff4 Cg4 
9.h5 e5 10.dxe5 Cdxe5 11.Db3 Cf7 12.hxg6 hxg6 13.Txh8+ Fxh8 14.Fg3 De7 15.
O-O-O a5 16.a4 Ff6 17.Fe2 Rf8 18.Cd4 Rg7 19.Te1 Cge5 20.Dc2 Fd7 21.Th1 c5 
22.Cb5 Fxb5 23.axb5 a4 24.Cb1 Cd6 25.Td1 Ce4 26.Txd5 Cxg3 27.fxg3 Cd7 28.
Dd3 Cb6 29.Td6 c4 30.Dd1 Dxe3+ 31.Dd2 De7 32.Rd1 Th8 33.Ff3 Th1+ 34.Rc2 
Fg5 35.Dd4+ Rh7 36.Fd1 De2+ 0-1

[Event "Rapid 45"]
[Site "Oviedo ESP"]
[Date "1992.??.??"]
[Round "9"]
[White "Topalov, Veselin"]
[Black "Damljanovic, Branko"]
[Result "1/2-1/2"]
[WhiteElo "2460"]
[BlackElo "2585"]
[EventDate "1992.??.??"]

1.e4 c5 2.Cf3 Cc6 3.d4 cxd4 4.Cxd4 Cf6 5.Cc3 d6 6.Fg5 e6 7.Dd2 a6 8.O-O-O 
Fd7 9.f4 b5 10.Fxf6 gxf6 11.g3 Db6 12.Cce2 O-O-O 13.Fg2 Rb8 14.Rb1 Tc8 15.
Thf1 Tc7 16.c3 h5 17.h4 Cxd4 18.Cxd4 Tg8 19.Ce2 Fc6 20.Ff3 Fb7 21.Dd3 Dc5 
22.Td2 Th8 23.Cd4 Dc4 24.Te1 Dxd3+ 25.Txd3 Fe7 26.f5 e5 27.Cc2 Tcc8 28.Cb4
Tcg8 29.Fd1 Tg7 30.Tee3 a5 31.Cd5 Fd8 32.a3 a4 33.Rc1 Ra7 34.Rd2 Fxd5 35.
Txd5 Fb6 36.Ted3 Fc5 37.Re1 Thg8 38.Fxh5 Txg3 39.Txg3 Txg3 40.Td2 Th3 41.
Fxf7 Txh4 1/2-1/2

[Event "?"]
[Site "Ponferrada ESP"]
[Date "1992.??.??"]
[Round "?"]
[White "Topalov, Veselin"]
[Black "Azmaiparashvili, Zurab"]
[Result "1-0"]
[WhiteElo "2460"]
[BlackElo "2610"]
[EventDate "1992.??.??"]

1.d4 d6 2.Fg5 g6 3.c4 Fg7 4.Cc3 f6 5.Fh4 e5 6.e3 Cd7 7.Fd3 Ch6 8.Cge2 O-O 
9.f3 c6 10.O-O De8 11.b4 f5 12.Dd2 Cf7 13.b5 Fh6 14.f4 Cb6 15.c5 dxc5 16.
dxe5 c4 17.Fc2 Cxe5 18.fxe5 Dxe5 19.Tf3 cxb5 20.Fg3 Df6 21.Td1 Fe6 22.Cxb5
Tad8 23.Ced4 Cd5 24.De1 a6 25.Fh4 g5 26.Cxe6 Dxe6 27.Cd4 Db6 28.Cxf5 gxh4 
29.Txd5 Txd5 30.Ce7+ Rg7 31.Cxd5 Db2 32.Txf8 Rxf8 33.Df1+ Re8 34.Dxc4 Rd7 
35.Dc7+ Re6 36.Cf4+ Fxf4 37.Fb3+ 1-0

[Event "?"]
[Site "Ponferrada ESP"]
[Date "1992.??.??"]
[Round "?"]
[White "Topalov, Veselin"]
[Black "Martin Gonzalez, Angel"]
[Result "1-0"]
[WhiteElo "2460"]
[BlackElo "2440"]
[EventDate "1992.??.??"]

1.d4 Cf6 2.c4 c5 3.d5 e6 4.Cc3 exd5 5.cxd5 d6 6.e4 g6 7.f3 Fg7 8.Cge2 O-O 
9.Cg3 Te8 10.Fe2 a6 11.a4 Cbd7 12.O-O Tb8 13.Fe3 h5 14.Dd2 h4 15.Ch1 Ch7 
16.Cf2 Dc7 17.Rh1 c4 18.Fa7 Ta8 19.Fd4 Cdf6 20.a5 Fd7 21.Ca4 Fb5 22.Cb6 
Tad8 23.Tac1 De7 24.Fxc4 Fxc4 25.Txc4 Df8 26.Df4 g5 27.Dd2 Cd7 28.Cxd7 
Txd7 29.Fe3 De7 30.Cg4 Tc7 31.Fxg5 1-0

[Event "?"]
[Site "Terrassa ESP"]
[Date "1992.??.??"]
[Round "?"]
[White "Dorfman, Josif D"]
[Black "Topalov, Veselin"]
[Result "1/2-1/2"]
[WhiteElo "2605"]
[BlackElo "2460"]
[EventDate "1992.??.??"]

1.d4 Cf6 2.c4 g6 3.Cf3 Fg7 4.g3 O-O 5.Fg2 d6 6.O-O Cbd7 7.Dc2 e5 8.Td1 Te8
9.Cc3 c6 10.e4 De7 11.d5 c5 12.a3 Cb6 13.Cd2 Fh6 14.b4 Fd7 15.bxc5 dxc5 
16.Tb1 Tab8 17.Dd3 Cc8 18.Cb5 Fxb5 19.cxb5 b6 20.Fb2 Cd6 21.Cc4 Cxc4 22.
Dxc4 Dd6 23.Te1 Te7 24.f4 Ce8 25.Fh3 Fg7 26.f5 Dd8 27.Tf1 Cd6 28.De2 Tc7 
29.a4 Ta8 30.Tf3 a6 31.bxa6 Tca7 32.Tbf1 De8 33.a5 Txa6 34.axb6 Txb6 35.
fxg6 hxg6 36.Ta3 Tab8 37.Fc1 Df8 38.Fg2 Fh6 39.Fxh6 Dxh6 40.De3 Dxe3+ 41.
Txe3 c4 42.Tc1 Tb2 43.Ff1 Td2 44.Te2 Tbb2 45.Txd2 Txd2 46.Fxc4 Cxe4 47.Ff1
Cd6 48.g4 Rg7 49.h4 Txd5 50.Rf2 Ce4+ 51.Re3 Cf6 52.Fe2 Td4 53.Tg1 Cd5+ 54.
Rf2 Cf4 55.Ff1 Rh6 56.Tg3 Td2+ 57.Re3 Tc2 58.Re4 Tc1 59.Fb5 Te1+ 60.Rf3 
Th1 61.Fc4 Rg7 62.Re4 f6 63.g5 Txh4 64.gxf6+ Rxf6 65.Tf3 g5 66.Fa6 g4 67.
Txf4+ exf4 68.Rxf4 Rg6 69.Fe2 1/2-1/2

[Event "?"]
[Site "Terrassa ESP"]
[Date "1992.??.??"]
[Round "7"]
[White "Azmaiparashvili, Zurab"]
[Black "Topalov, Veselin"]
[Result "1/2-1/2"]
[WhiteElo "2610"]
[BlackElo "2460"]
[EventDate "1992.??.??"]

1.Cf3 Cf6 2.c4 g6 3.Cc3 Fg7 4.d4 O-O 5.e4 d6 6.Fe2 e5 7.O-O Cc6 8.d5 Ce7 
9.Cd2 a5 10.a3 Cd7 11.Tb1 f5 12.b4 Rh8 13.Dc2 Cg8 14.Cb5 axb4 15.axb4 Cdf6
16.f3 Ch5 1/2-1/2